| 000 | 00353nam a2200133Ia 4500 | ||
|---|---|---|---|
| 005 | 20260328101511.0 | ||
| 008 | 260328s9999||||xx |||||||||||||| ||und|| | ||
| 100 | _aSchneider, Wolf | ||
| 245 | 0 |
_aDe Babilonia a Brasilia : _b Las CiudaDes y sus Hombres / _cWolf Schneider |
|
| 260 | _bNoguer | ||
| 300 | _a526 p. | ||
| 650 | _aDISEÑO URBANO | ||
| 942 | _cBK | ||
| 999 |
_c9202 _d9202 |
||